Logo BPK

Biblioteka

Politechniki Koszalińskiej

Pribory na amorfnych poluprovodnikach i ich primenenie / (Rekord nr 7726)

Szczegóły MARC
000 -ETYKIETA REKORDU
podpole kontrolne o stałej długości 00430nam a2200157 i 4500
001 - NUMER KONTROLNY REKORDU
pole kontrolne bg
040 ## - ŹRÓDŁO KATALOGOWANIA
Instytucja, która utworzyła rekord BPK
041 ## - KOD JĘZYKA
Kod języka tekstu pol
008 - POLE O STAŁEJ DŁUGOŚCI - DANE KONTROLNE
podpole kontrolne o stałej długości s pl f |000 0 pol
100 1# - NAZWA OSOBOWA
Nazwa osobowa LJAMIĆEV, I. Ja.
245 #0 - TYTUŁ/ODPOWIEDZIALNOŚĆ
Tytuł Pribory na amorfnych poluprovodnikach i ich primenenie /
Pozostałe elementy strefy tytułu i oznaczenia odpowiedzialności I.Ja. Ljamićev, I.I. Litvak, N.A. Ośćepkov.
260 ## - STREFA ADRESU WYDAWNICZEGO
Miejsce wydania Moskwa,
Data publikacji, dystrybucji/powstania dokumentu 1976.
700 1# - HASŁO DODATKOWE - NAZWA OSOBOWA
Nazwa osobowa LITVAK, I. I.
700 1# - HASŁO DODATKOWE - NAZWA OSOBOWA
Nazwa osobowa OŚĆEPKOV, N. A.
856 ## - LOKALIZACJA I DOSTĘP DO ELEKTRONICZNYCH DOKUMENTÓW ZDALNYCH
Link (URL) http://koha.tu.koszalin.pl/cgi-bin/koha/opac-detail.pl?biblionumber=7726
Tekst linku Katalog online BPK
942 ## - DODATKOWE ELEMENTY (KOHA)
Typ dokumentu Książka
Egzemplarze
Wycofany Status egzemplarza Uszkodzony Dostępność Lokalizacja stała Lokalizacja bieżąca Numer ubytku Sygnatura Kod kreskowy Typ dokumentu Miejsce przechowywania
  Egz. niedostępny   Niedostępny Biblioteka Politechniki Koszalińskiej Biblioteka Politechniki Koszalińskiej p22975 P 9500 01846645 Książka  
      Dostępny Biblioteka Politechniki Koszalińskiej Biblioteka Politechniki Koszalińskiej   P 9501 01846638 Książka Wypożyczalnia BG
  Egz. niedostępny   Niedostępny Biblioteka Politechniki Koszalińskiej Biblioteka Politechniki Koszalińskiej p22976 P 9502 01846621 Książka  
  Egz. niedostępny   Niedostępny Biblioteka Politechniki Koszalińskiej Biblioteka Politechniki Koszalińskiej p22977 P 9503 01846614 Książka  
  Egz. niedostępny   Niedostępny Biblioteka Politechniki Koszalińskiej Biblioteka Politechniki Koszalińskiej p22978 P 9504 01846607 Książka  
© 2023 Biblioteka Politechniki Koszalińskiej :: KOHA